| 000 | 00854nam a2200253 a 4500 | ||
|---|---|---|---|
| 001 | BRCA_7579 | ||
| 005 | 20190320205910.0 | ||
| 008 | 200613s1954----nyu#######---#000-0#eng-# | ||
| 041 | _aeng | ||
| 044 | _anyu | ||
| 050 | 4 |
_aND450 _b.A45 1954 |
|
| 100 | 1 |
_aAllen, Josephine L. _918698 |
|
| 245 | 1 | 0 |
_aA concise catalogue of the European paintings in the Metropolitan Museum of Art _cby Josephine L. Allen & Elizabeth E. Gardner. |
| 260 |
_aNueva York _bMetropolitan Museum of Art _c1954 |
||
| 300 |
_a104 p. _c24 cm. |
||
| 500 | _aS74 | ||
| 650 | 1 | 4 |
_aPinturas europeas _vExposiciones _910739 |
| 650 | 1 | 4 |
_aPinturas _vCatálogos _zNueva York _913820 |
| 650 | 1 | 4 |
_aGalerÃas y museos _zEstados Unidos _97437 |
| 700 | 1 |
_aGardner, Elizabeth E. _ecoaut. _918699 |
|
| 710 | 2 |
_aMetropolitan Museum of Art (Nueva York) _97537 |
|
| 902 | _aGFM | ||
| 942 |
_2lcc _cB |
||
| 999 |
_c7253 _d7253 |
||